00977cam a22003014a 4500001000600000003000900006005001700015007000600032008002700038010000600065020002300071020001800094035000600112040003200118042000600150082003000156100003000186242015900216245014600375250000600521260004100527300003100568650002600599650002100625856000900646856000900655856001100664 172 DO-SdBNP20230713092425.0 172 051118s2006 xx 000 0 eng  a  a0787976385 (cloth) a9780787976385 a  aBPMSUc spadBPMSUd d d  a  4a658.4092bL563s 20062 221 aLencioni, Patrick,d1965- aLuchas por el poder dentro de las empresas : bun cuento sobre el liderazgo y y cómo destruir las barreras que convierten a los colegas en rivalesyeng10aSilos, politics, and turf wars :ba leadership fable about destroying the barriers that turn colleagues into competitors /cPatrick Lencioni. a  aUnited States :bJossey-Bass,c2006. aix, 211 p. :bil ;c22 cm. 4aLiderazgo empresarial 4aAptitud de mando413 u 423 u 423 u